00829 2200193 4500001002100000005001500021035002000036245005200056100001800108250001700126300003200143260003800175082000800213084001400221020002200235650002100257520034400278500001300622INLIS00000000000081520241113082702 a0010-11240000381 aEnsiklopedia IPA SD :bManusia /cDjoko Santoso0 aDjoko Santoso aCetakan Ke-1 aii, 32 hlm :bIlus ;c32 cm aPurwokerto :bGaneca Exact,c2006 a503 a503 DJO e a978-979-744-688-3 4aEnsiklopedia IPA aPara siswa SD harus dikenalkan dengan keadaan tubuhnya. Mereka harus mengetahui letak dan fungsi berbagai organ di dalam tubuh. Mereka harus mampu melindungi organ tubuh dari tindakan yang membahayakan. Mereka juga harus mampu menjaga kesehatan dan kebugaran tubuh. Buku ini membantu para siswa mengenali tubuh dan organ-organ di dalamnya. aSeri IPA